Earth an introduction to physical geology
Saved in:
| Format: | Bog |
|---|---|
| Sprog: | engelsk |
| Udgivet: |
Pearson Education
2017
|
| Tags: |
Tilføj Tag
Ingen Tags, Vær først til at tagge denne postø!
|
MARC
| LEADER | 00000nam a22000007a 4500 | ||
|---|---|---|---|
| 008 | 201222b ||||| |||| 00| 0 eng d | ||
| 020 | |a ISBN: 978-1-292-16183-9 | ||
| 245 | |a Earth |b an introduction to physical geology |c Edward J. Tarbuck, Frederick K. |g 816.; ill | ||
| 250 | |b 12th ed. | ||
| 260 | |b Pearson Education |c 2017 |h Harlow, England |i 691509 |i 691510 |l QA76.758 .So5 |m Geology. |m Earth (Planet | ||
| 500 | |a “It includes index”. | ||
| 942 | |a lcc |c BK |e Olagoke,M.A |f 22/12/2020 | ||
| 952 | |0 0 |1 0 |2 lcc |4 0 |6 QA0076758 S O5 |7 0 |9 1161 |a HOL |b HOL |d 2020-12-22 |l 0 |o QA76.758 .So5 |p 2020-230367 |r 2020-12-22 00:00:00 |w 2020-12-22 |y BK | ||
| 952 | |0 0 |1 0 |2 lcc |4 0 |6 QA0076758 S O5 |7 0 |9 1164 |a HOL |b SL |d 2020-12-22 |l 0 |o QA76.758 .So5 |p 2020-230370 |r 2020-12-22 00:00:00 |w 2020-12-22 |y BK | ||
| 999 | |c 607 |d 607 | ||